| 000 | 01553nam2a22002891 4500 | ||
|---|---|---|---|
| 001 | v19\rc\1824196 | ||
| 005 | 20250619134200.0 | ||
| 035 | _a(NLR Aleph) 004921477 | ||
| 090 |
_a5582839 _c5582839 |
||
| 100 | _a20071224d1906 |||y0rusy50 ca | ||
| 101 | 0 | _arus | |
| 102 | _aRU | ||
| 105 | _ay z ||||| | ||
| 200 | 1 |
_aДоклад Комиссии... по 3-му вопросу программы: О положении и нуждах соляной промышленности Донецкого бассейна _fПред. Комис. П. Успенский |
|
| 210 |
_d[1906] _aБ. м. |
||
| 215 | _a20 с. | ||
| 461 | 0 |
_1001v19\rc\1824191 _12001#$aДоклад[ы]... XXXI Съезду горнопромышленников Юга России$e№ 1$v№ 3-г _95582788 _aСъезд горнопромышленников Юга России (31 ; 1906 ; Харьков) _cХарьков _d[1906]-[1907] _o№ 1 _tДоклад[ы]... XXXI Съезду горнопромышленников Юга России _v№ 3-г |
|
| 532 | 1 | 1 | _aДоклад Комиссии по третьему вопросу программы: О положении и нуждах соляной промышленности Донецкого бассейна |
| 702 | 1 |
_aУспенский _bП.Л. _gПетр Леонидович _4570 |
|
| 801 | 0 |
_aRU _bNLR _gpsbo |
|
| 801 | 0 |
_aRU _bRuMoRGB _2psbo |
|
| 801 | 1 |
_aRU _bProSoft-M _2rusmarc |
|
| 852 |
_aNLR _j34.85.6.180 |
||
| 899 |
_aRuMoRGB (1-23*) _jU 49/228 |
||
| 899 | _aБАН (1-23*) | ||
| 942 | _cBOOK | ||
| 980 | _aNB | ||